|
|
|
|
| LEADER |
00778nam a2200217 i 4500 |
| 001 |
c000071422 |
| 003 |
CARM |
| 005 |
00000000000000.0 |
| 008 |
811110s1974 it 0 ita d |
| 019 |
1 |
|
|a 8749695
|5 LACONCORD2021
|
| 035 |
|
|
|a (OCoLC)2703062
|5 LACONCORD2021
|
| 100 |
1 |
|
|a Moravia, Alberto,
|d 1907-
|
| 245 |
1 |
0 |
|a Nuovi racconti romani.
|
| 250 |
|
|
|a 9th ed.
|
| 260 |
|
|
|a Milano :
|b Bompiani,
|c 1974.
|
| 300 |
|
|
|a 562 p.
|
| 490 |
1 |
|
|a Alberto Moravia Opere complete ;
|v 4
|
| 800 |
0 |
|
|a Moravia, Alberto, 1907
|q (Opere complete) ;
|v v. 4.
|
| 852 |
8 |
|
|b CARM
|h A2:AB02G0
|i A00597
|p 0089671
|f BK
|
| 999 |
f |
f |
|i c9e93580-658f-5bf9-b1db-7455d76a95bb
|s 5fadf3cf-e202-54c8-a337-58005f224c5b
|
| 952 |
f |
f |
|p Can circulate
|a CAVAL
|b CAVAL
|c CAVAL
|d CARM 1 Store
|e A00597
|f A2:AB02G0
|h Other scheme
|i book
|m 0089671
|